[Event "G7-1 2014"]
[Site "Skorping"]
[Date "2014.04.21"]
[Round "7"]
[White "Glasscock, David"]
[Black "Madsen, Svend Aage"]
[Result "1-0"]
[WhiteElo "1843"]
[BlackElo "2071"]
[PlyCount "79"]
[EventDate "2014.??.??"]

1. d4 Nf6 2. Bf4 g6 3. Nf3 Bg7 4. e3 O-O 5. Be2 d6 6. h3 Nc6 7. c4 e5 8. dxe5
Ne4 9. O-O dxe5 10. Bh2 Qe7 11. Qc1 Be6 12. Nc3 Nxc3 13. Qxc3 e4 14. Nd4 Nxd4
15. exd4 c5 16. Be5 f6 17. d5 Bd7 18. Bf4 g5 19. Bd2 f5 20. Qc1 f4 21. Re1 Bd4
22. Bc3 Qf6 23. Bf1 Rae8 24. Bxd4 cxd4 25. c5 h5 26. b4 g4 27. c6 bxc6 28. dxc6
Bxc6 29. Qc5 gxh3 30. Bc4+ Kg7 31. gxh3 Kh6 32. Kh2 f3 33. Rg1 Qe5+ 34. Rg3
Qxc5 35. bxc5 e3 36. Rag1 Rf6 37. Rg7 e2 38. Bg8 Be4 39. Rxa7 Rg6 40. Rh7# 1-0

[Event "G7-1 2014"]
[Site "Skorping"]
[Date "2014.04.21"]
[Round "7"]
[White "Kristensen, Bjarke Hautop"]
[Black "Andersen, Carl Johan"]
[Result "1/2-1/2"]
[WhiteElo "1940"]
[BlackElo "1872"]
[PlyCount "94"]
[EventDate "2014.??.??"]

1. c4 Nf6 2. g3 c5 3. Bg2 Nc6 4. Nc3 g6 5. Nf3 Bg7 6. d4 cxd4 7. Nxd4 Nxd4 8.
Qxd4 O-O 9. O-O d6 10. Qd2 Be6 11. Nd5 Rc8 12. Qb4 Bxd5 13. cxd5 Qd7 14. Bd2
Rc2 15. Rac1 Rfc8 16. Bc3 Rxc1 17. Rxc1 Rc5 18. Rd1 Qc7 19. Rd3 a5 20. Qa3 Ng4
21. Bxg7 Rc1+ 22. Bf1 Kxg7 23. Rc3 Qb6 24. e3 Rb1 25. Qb3 Rxb2 26. Qxb6 Rxb6
27. Rb3 Rxb3 28. axb3 Nf6 29. Bc4 Nd7 30. e4 Nc5 31. f3 b5 32. Bxb5 Nxb3 33.
Kf2 Nc5 34. Ke2 f5 35. exf5 gxf5 36. f4 Kf6 37. Ke3 e6 38. Kd4 a4 39. dxe6 a3
40. Bc4 Ne4 41. Kd3 Nc5+ 42. Kc3 Nxe6 43. Kb3 Nd4+ 44. Kxa3 Nf3 45. h3 Nd2 46.
Bd3 d5 47. g4 Ne4 1/2-1/2

[Event "G7-1 2014"]
[Site "Skorping"]
[Date "2014.04.21"]
[Round "7"]
[White "Johansen, Johnny Holler"]
[Black "Oe, Oluf"]
[Result "1/2-1/2"]
[WhiteElo "1909"]
[BlackElo "1933"]
[PlyCount "56"]
[EventDate "2014.??.??"]

1. e4 e5 2. Nf3 Nc6 3. Bc4 d6 4. d3 Be7 5. O-O Nf6 6. c3 O-O 7. Re1 Na5 8. Bb3
Nxb3 9. axb3 Bg4 10. Nbd2 Qd7 11. Qc2 a6 12. d4 exd4 13. Nxd4 c5 14. N4f3 Rfe8
15. Qd3 Nh5 16. Nc4 Rad8 17. Nb6 Qc6 18. Nd5 Nf6 19. Bg5 Nxd5 20. exd5 Qd7 21.
Bxe7 Rxe7 22. Rxe7 Qxe7 23. Re1 Qd7 24. Qe3 Bxf3 25. Qxf3 Re8 26. Re3 Rxe3 27.
Qxe3 Kf8 28. g3 Qe7 1/2-1/2